Visualization for project development / (Record no. 529952)

000 -LEADER
fixed length control field 02111cam a22004697a 4500
001 - CONTROL NUMBER
control field 14813610
003 - CONTROL NUMBER IDENTIFIER
control field NUST
005 - DATE AND TIME OF LATEST TRANSACTION
control field 20191008100143.0
008 - FIXED-LENGTH DATA ELEMENTS--GENERAL INFORMATION
fixed length control field 070419s2006 dcuak tb 000 0 eng d
010 ## - LIBRARY OF CONGRESS CONTROL NUMBER
LC control number 2006905112
020 ## - INTERNATIONAL STANDARD BOOK NUMBER
International Standard Book Number 030909769X
035 ## - SYSTEM CONTROL NUMBER
System control number (OCoLC)ocm76266580
035 ## - SYSTEM CONTROL NUMBER
System control number (OCoLC)76266580
038 ## - RECORD CONTENT LICENSOR
Staff Name MSOHAIL
040 ## - CATALOGING SOURCE
Original cataloging agency TRL
Transcribing agency TRL
Modifying agency DAY
-- OCLCQ
-- DLC
042 ## - AUTHENTICATION CODE
Authentication code lccopycat
050 00 - LIBRARY OF CONGRESS CALL NUMBER
Classification number TE153
Item number .H59 2006
082 00 - DEWEY DECIMAL CLASSIFICATION NUMBER
Classification number 625.72
Edition number 22
100 1# - MAIN ENTRY--PERSONAL NAME
Personal name Hixson, Charles L.
9 (RLIN) 23011
245 10 - TITLE STATEMENT
Title Visualization for project development /
Statement of responsibility, etc. consultant, Charles L. Hixson.
260 ## - PUBLICATION, DISTRIBUTION, ETC.
Place of publication, distribution, etc. Washington, D.C. :
Name of publisher, distributor, etc. Transportation Research Board,
Date of publication, distribution, etc. 2006.
300 ## - PHYSICAL DESCRIPTION
Extent 82 p. :
Other physical details ill. (some col.), forms, col. maps ;
Dimensions 28 cm.
490 1# - SERIES STATEMENT
Series statement NCHRP synthesis,
International Standard Serial Number 0547-5570 ;
Volume/sequential designation 361
500 ## - GENERAL NOTE
General note At head of title: National Cooperative Research Highway Program.
500 ## - GENERAL NOTE
General note "Research sponsored by the American Association of State Highway and Transportation Officials in cooperation with the Federal Highway Administration."
504 ## - BIBLIOGRAPHY, ETC. NOTE
Bibliography, etc. note Includes bibliographical references (p. 39-40).
530 ## - ADDITIONAL PHYSICAL FORM AVAILABLE NOTE
Additional physical form available note Also available online.
650 #0 - SUBJECT ADDED ENTRY--TOPICAL TERM
Topical term or geographic name entry element Highway planning
General subdivision Computer simulation.
9 (RLIN) 23012
650 #0 - SUBJECT ADDED ENTRY--TOPICAL TERM
Topical term or geographic name entry element Highway planning
General subdivision Computer-aided design.
9 (RLIN) 23013
650 #0 - SUBJECT ADDED ENTRY--TOPICAL TERM
Topical term or geographic name entry element Roads
General subdivision Computer-aided design.
9 (RLIN) 23014
650 #0 - SUBJECT ADDED ENTRY--TOPICAL TERM
Topical term or geographic name entry element Visualization.
9 (RLIN) 23015
710 2# - ADDED ENTRY--CORPORATE NAME
Corporate name or jurisdiction name as entry element National Cooperative Highway Research Program.
9 (RLIN) 20864
710 2# - ADDED ENTRY--CORPORATE NAME
Corporate name or jurisdiction name as entry element American Association of State Highway and Transportation Officials.
9 (RLIN) 19553
710 1# - ADDED ENTRY--CORPORATE NAME
Corporate name or jurisdiction name as entry element United States.
Subordinate unit Federal Highway Administration.
9 (RLIN) 20149
710 2# - ADDED ENTRY--CORPORATE NAME
Corporate name or jurisdiction name as entry element National Research Council (U.S.).
Subordinate unit Transportation Research Board.
9 (RLIN) 23016
830 #0 - SERIES ADDED ENTRY--UNIFORM TITLE
Uniform title Synthesis of highway practice ;
Volume/sequential designation 361.
9 (RLIN) 23017
856 41 - ELECTRONIC LOCATION AND ACCESS
Materials specified Table of contents only
Uniform Resource Identifier <a href="http://www.loc.gov/catdir/toc/fy0712/2006905112.html">http://www.loc.gov/catdir/toc/fy0712/2006905112.html</a>
856 41 - ELECTRONIC LOCATION AND ACCESS
Uniform Resource Identifier <a href="http://onlinepubs.trb.org/onlinepubs/nchrp/nchrp_syn_361.pdf">http://onlinepubs.trb.org/onlinepubs/nchrp/nchrp_syn_361.pdf</a>
Public note Click to connect to this title online
906 ## - LOCAL DATA ELEMENT F, LDF (RLIN)
a 7
b cbc
c copycat
d 2
e ncip
f 20
g y-gencatlg
942 ## - ADDED ENTRY ELEMENTS (KOHA)
Source of classification or shelving scheme
Koha item type Book
Holdings
Withdrawn status Lost status Source of classification or shelving scheme Damaged status Not for loan Permanent Location Current Location Date acquired Total Checkouts Full call number Barcode Date last seen Price effective from Koha item type
          School of Civil and Environmental Engineering (SCEE) School of Civil and Environmental Engineering (SCEE) 10/08/2019   625.72 NIT-11169 10/08/2019 10/08/2019 Book
© 2023 Central Library, National University of Sciences and Technology. All Rights Reserved.